000 00363nam a2200133Ia 4500
008 231129s9999||||xx |||||||||||||| ||spa||
020 _a84-375-0202-0
040 _bspa
082 _a200.1 / H462c
100 _aHegel G.W.F.
245 0 _aEl concepto de religion
264 _aFondo de Cultura Economica
942 _2ddc
_cBKS
999 _c10636
_d10636